000 00395nam a22001697a 4500
005 20160629111745.0
008 160629b xxu||||| |||| 00| 0 eng d
020 _a1-85573-498-2
041 _aeng
082 _b10988
100 _aMarris, Peter, C and other
_93137
245 _aCereal biotechnology
260 _bWoodheat
_c2004
300 _a242
650 _aManagement
_9241
942 _cBK
999 _c4595
_d4593